000 00512nam a2200169 4500
001 108563
003 ES-MaACL
005 20230906184650.0
007 t|
008 061121s1965 sp r ||||1| spa d
100 1 _aMonleón, Alfonso.
_982229
245 1 0 _aOración y vida
_b: dinamismo y transformación /
_cAlfonso Monleon; prólogo por Emilio Sauras.
260 _aBarcelona :
_bHerder,
_c1965.
300 _a298 p. ;
_c20 cm.
700 1 _aSauras, Emilio.
_9104006
852 _aES-MaACL
_jF-7276
_bR.56721
999 _c108563
_d108563